书目信息 |
| 题名: |
后汉书译注
|
|
| 作者: | 范晔 著 ;黄刚 译注 | |
| 分册: | ||
| 出版信息: | 上海 上海三联书店 2018 |
|
| 页数: | 338页 | |
| 开本: | 21cm | |
| 丛书名: | ||
| 单 册: | ||
| 中图分类: | K234.204.2 | |
| 科图分类: | ||
| 主题词: | 中国历史--东汉时代--纪传体 | |
| 电子资源: | ||
| ISBN: | 978-7-5426-6365-8 | |
| 000 | 00897nam0 2200289 450 | |
| 001 | 012001006462 | |
| 005 | 20191023143817.51 | |
| 010 | @a978-7-5426-6365-8@dCNY28.80 | |
| 100 | @a20181008d2018 em y0chiy50 ea | |
| 101 | 0 | @achi |
| 102 | @aCN@b310000 | |
| 105 | @ay z 000yy | |
| 106 | @ar | |
| 200 | 1 | @a后汉书译注@9hou han shu yi zhu@b专著@f黄刚译注 |
| 205 | @a2版 | |
| 210 | @a上海@c上海三联书店@d2018 | |
| 215 | @a338页@d21cm | |
| 300 | @a国学经典 | |
| 330 | @a本书以中华书局1965年的标点本为底本,对《后汉书》篇章进行甄选,并有针对性的对它们进行注释和白话文解释,并在传记前加上题解。 | |
| 605 | @a《后汉书》@x注释 | |
| 605 | @a《后汉书》@x译文 | |
| 606 | 0 | @a中国历史@z东汉时代@j纪传体 |
| 690 | @aK234.204.2@v5 | |
| 701 | 0 | @c(南朝宋)@a范晔@9fan ye@4著 |
| 702 | 0 | @a黄刚@9huang gang@4译注 |
| 801 | 2 | @aCN@b上海新华@c20191020 |
| 905 | @b1131657-60@dK234.204.2@e91=2@f4 | |
| 后汉书译注/黄刚译注.-2版.-上海:上海三联书店,2018 |
| 338页;21cm |
| 国学经典 |
| ISBN 978-7-5426-6365-8:CNY28.80 |
| 本书以中华书局1965年的标点本为底本,对《后汉书》篇章进行甄选,并有针对性的对它们进行注释和白话文解释,并在传记前加上题解。 |
| ● |
| 相关链接 |
|
|
|
|
正题名:后汉书译注
索取号:K234.204.2/91=2
 
预约/预借
| 序号 | 登录号 | 条形码 | 馆藏地/架位号 | 状态 | 备注 |
| 1 | 1131657 | 211316574 | 第二样本阅览室/ [索取号:K234.204.2/91=2] | 在馆 | |
| 2 | 1131658 | 211316583 | 第二借阅区/ [索取号:K234.204.2/91=2] | 在馆 | |
| 3 | 1131659 | 211316592 | 第二借阅区/ [索取号:K234.204.2/91=2] | 在馆 | |
| 4 | 1131660 | 211316609 | 第二借阅区/ [索取号:K234.204.2/91=2] | 在馆 |